Os 25 Países mais populosos do mundo (2024) - Statistics

Estatísticas Gerais
  • Esse quiz foi jogado 302 vezes
  • A pontuação média é 8 de 25
Estatísticas das Respostas
Hint Resposta % Correto
India
100%
China
98%
Estados unidos
95%
Indonésia
72%
Brasil
70%
Paquistão
59%
Nigeria
56%
Bangladesh
49%
Russia
41%
11° Mexico
24%
12° Japão
23%
10° Etiópia
18%
15° Republica democrática do congo
13%
13° Filipinas
11%
14° Egito
10%
19° Alemanha
9%
17° Irã
9%
16° Vietnã
9%
20° Tailândia
7%
18° Turquia
7%
23° França
6%
22° Reino unido
6%
21° Tanzânia
6%
24° África do sul
5%
25° Itália
5%
Nenhum quiz correspondente encontrado
Distribuição das Pontuações
Porcentagem de Pessoas com Cada Pontuação
Percentil de Números Respondidos
Sua Pontuação Histórica
Você não jogou esse quiz